[Event "HUN-chT2 Charousek 0506"]
[Site "Hungary"]
[Date "2006.04.09"]
[Round "10"]
[White "Radnai, Adam"]
[Black "Szarvas, Zoltan"]
[Result "1/2-1/2"]
[WhiteElo "2198"]
[BlackElo "2216"]
[PlyCount "40"]
[EventDate "2005.10.16"]
[EventType "team"]
[EventRounds "11"]
[EventCountry "HUN"]
[SourceTitle "EXT 2009"]
[Source "ChessBase"]
[SourceDate "2008.11.26"]
[SourceVersion "1"]
[SourceVersionDate "2008.11.26"]
[SourceQuality "1"]
[WhiteTeam "BEAC"]
[BlackTeam "Pannonpower"]
[WhiteTeamCountry "HUN"]
[BlackTeamCountry "HUN"]

1. e4 e6 2. d3 d5 3. Nd2 Nf6 4. Ngf3 c5 5. g3 Nc6 6. Bg2 Be7 7. 0-0 b6 8. Re1 Ba6 9. e5 Nd7 10. Nf1 Qc7 11. c3 0-0-0 12. d4 Kb8 13. Qa4 Bd3 14. Qd1 Ba6 15. Qa4 Qb7 16. a3 Bd3 17. b4 cxd4 18. b5 Na5 19. cxd4 Rc8 20. Ne3 Nf8 1/2-1/2

[Event "HUN-chT2 Charousek 0506"]
[Site "Hungary"]
[Date "2005.11.13"]
[Round "3"]
[White "Nagy, Zoltan"]
[Black "Szarvas, Zoltan"]
[Result "1/2-1/2"]
[WhiteElo "2223"]
[BlackElo "2216"]
[PlyCount "74"]
[EventDate "2005.10.16"]
[EventType "team"]
[EventRounds "11"]
[EventCountry "HUN"]
[SourceTitle "EXT 2009"]
[Source "ChessBase"]
[SourceDate "2008.11.26"]
[SourceVersion "1"]
[SourceVersionDate "2008.11.26"]
[SourceQuality "1"]
[WhiteTeam "Tapolca"]
[BlackTeam "Pannonpower"]
[WhiteTeamCountry "HUN"]
[BlackTeamCountry "HUN"]

1. e4 e5 2. Nf3 Nf6 3. d4 Nxe4 4. Bd3 d5 5. Nxe5 Bd6 6. 0-0 0-0 7. c4 Bxe5 8. dxe5 Nc6 9. cxd5 Qxd5 10. Qf3 f5 11. exf6 Nxf6 12. Qxd5+ Nxd5 13. Bc4 Be6 14. Rd1 Nce7 15. Bg5 Bf7 16. Na3 Rfe8 17. Bxe7 Nxe7 18. Bxf7+ Kxf7 19. Rd7 Rac8 20. Re1 a6 21. Kf1 Kf6 22. Nc4 Nf5 23. Rxe8 Rxe8 24. Rxc7 b5 25. Nd2 Re6 26. Nf3 Ne7 27. g3 Nd5 28. Rd7 Nb6 29. Rd3 Na4 30. b3 Nc5 31. Rd8 Ne4 32. Nd4 Rb6 33. Ne2 Rc6 34. f3 Ng5 35. Nd4 Rc1+ 36. Ke2 Nf7 37. Rd7 Rh1 1/2-1/2

[Event "HUN-chT2 Charousek 0405"]
[Site "Hungary"]
[Date "2005.03.06"]
[Round "9"]
[White "Heiligermann, Gabor"]
[Black "Szarvas, Zoltan"]
[Result "1-0"]
[WhiteElo "2154"]
[BlackElo "2198"]
[PlyCount "71"]
[EventDate "2004.09.26"]
[EventType "team"]
[EventRounds "11"]
[EventCountry "HUN"]
[SourceTitle "EXT 2008"]
[Source "ChessBase"]
[SourceDate "2007.11.25"]
[SourceVersion "1"]
[SourceVersionDate "2007.11.25"]
[SourceQuality "1"]
[WhiteTeam "Tapolca"]
[BlackTeam "Pannonpower"]
[WhiteTeamCountry "HUN"]
[BlackTeamCountry "HUN"]

1. c4 Nf6 2. Nc3 d5 3. cxd5 Nxd5 4. g3 g6 5. Bg2 Nb6 6. d3 Bg7 7. Nf3 0-0 8. Be3 Re8 9. Qd2 N8d7 10. Bh6 Bh8 11. h4 Nf6 12. h5 Ng4 13. hxg6 hxg6 14. Rh4 Nd5 15. Nh2 Ndf6 16. Nxg4 Nxg4 17. Bf3 Nxh6 18. Rxh6 Bg7 19. 0-0-0 Qd4 20. Rh4 Qxf2 21. Ne4 Qb6 22. Rdh1 Bf5 23. g4 Bxe4 24. Bxe4 a5 25. Rh7 Qd4 26. e3 Qc5+ 27. Kb1 Qg5 28. Qh2 Qe5 29. Qg2 c6 30. d4 Qg5 31. Qh3 f5 32. gxf5 gxf5 33. Bxf5 Kf7 34. Be6+ Kg6 35. Rxg7+ Kxg7 36. Qh7+ 1-0

[Event "HUN-chT2 Charousek 0405"]
[Site "Hungary"]
[Date "2005.02.20"]
[Round "8"]
[White "Szarvas, Zoltan"]
[Black "Csolig, Robert"]
[Result "1-0"]
[WhiteElo "2198"]
[BlackElo "2133"]
[PlyCount "111"]
[EventDate "2004.09.26"]
[EventType "team"]
[EventRounds "11"]
[EventCountry "HUN"]
[SourceTitle "EXT 2008"]
[Source "ChessBase"]
[SourceDate "2007.11.25"]
[SourceVersion "1"]
[SourceVersionDate "2007.11.25"]
[SourceQuality "1"]
[WhiteTeam "Pannonpower"]
[BlackTeam "Geniusz Tata"]
[WhiteTeamCountry "HUN"]
[BlackTeamCountry "HUN"]

1. e4 e5 2. Nf3 Nc6 3. Bb5 Nd4 4. Nxd4 exd4 5. 0-0 c6 6. Bc4 Nf6 7. Re1 d6 8. c3 Ng4 9. h3 Ne5 10. Bf1 dxc3 11. Nxc3 Be7 12. d4 Nd7 13. Bf4 0-0 14. Qc2 Re8 15. Rad1 Nf8 16. Bh2 Qa5 17. d5 Rd8 18. Bc4 Ng6 19. dxc6 bxc6 20. Qb3 Ne5 21. Bxe5 Qxe5 22. Bxf7+ Kh8 23. Qa4 Bd7 24. Qd4 Qg5 25. Qe3 Qh4 26. Rd3 Rf8 27. Bb3 Rad8 28. Ne2 Rf6 29. Ng3 Rdf8 30. Re2 Bd8 31. Qxa7 Bc8 32. Qe3 Ba6 33. Nf5 Rxf5 34. exf5 Bxd3 35. Qxd3 Bb6 36. Be6 d5 37. Qb3 Qd8 38. Rd2 Bc7 39. Re2 Qd6 40. g3 Rb8 41. Qf3 Rf8 42. Kg2 Bd8 43. Qa3 c5 44. Qf3 d4 45. Qd5 Qxd5+ 46. Bxd5 g6 47. fxg6 hxg6 48. Rc2 Be7 49. f4 Rd8 50. Bc4 Bf6 51. Bd3 Rc8 52. Bxg6 c4 53. Bd3 c3 54. bxc3 dxc3 55. Kf3 Rd8 56. Be4 1-0

[Event "HUN-chT2 Charousek 0405"]
[Site "Hungary"]
[Date "2005.01.23"]
[Round "6"]
[White "Marosi, Csaba"]
[Black "Szarvas, Zoltan"]
[Result "1/2-1/2"]
[WhiteElo "2141"]
[BlackElo "2198"]
[PlyCount "39"]
[EventDate "2004.09.26"]
[EventType "team"]
[EventRounds "11"]
[EventCountry "HUN"]
[SourceTitle "EXT 2008"]
[Source "ChessBase"]
[SourceDate "2007.11.25"]
[SourceVersion "1"]
[SourceVersionDate "2007.11.25"]
[SourceQuality "1"]
[WhiteTeam "Szentendre"]
[BlackTeam "Pannonpower"]
[WhiteTeamCountry "HUN"]
[BlackTeamCountry "HUN"]

1. e4 e6 2. d4 d5 3. exd5 exd5 4. Bd3 c5 5. c3 c4 6. Bc2 Bd6 7. h3 Ne7 8. Qf3 0-0 9. Ne2 Nbc6 10. 0-0 a6 11. Bf4 Be6 12. Nd2 f6 13. Rfe1 Bf7 14. Nf1 Ng6 15. Bxd6 Qxd6 16. Ne3 Nce7 17. Ng3 Rfe8 18. Nef5 Nxf5 19. Nxf5 Qc7 20. g3 1/2-1/2

[Event "HUN-chT2 Asztalos 0203"]
[Site "Hungary"]
[Date "2003.03.02"]
[Round "8"]
[White "Horvath, Miklos"]
[Black "Szarvas, Zoltan"]
[Result "1-0"]
[WhiteElo "2235"]
[BlackElo "2171"]
[PlyCount "55"]
[EventDate "2002.09.22"]
[EventType "team"]
[EventRounds "11"]
[EventCountry "HUN"]
[SourceTitle "EXT 2009"]
[Source "ChessBase"]
[SourceDate "2008.11.26"]
[SourceVersion "1"]
[SourceVersionDate "2008.11.26"]
[SourceQuality "1"]

1. e4 e6 2. d4 d5 3. exd5 exd5 4. Bd3 c5 5. dxc5 Bxc5 6. Nf3 Ne7 7. 0-0 0-0 8. h3 Nbc6 9. c3 Qd6 10. Qc2 h6 11. Nbd2 Bb6 12. Rd1 Bxh3 13. gxh3 Qg3+ 14. Kh1 Bxf2 15. Bf5 h5 16. Qd3 g6 17. Nf1 Qd6 18. Qd2 Bb6 19. Bc2 Rad8 20. Qg5 Qe6 21. Qg2 d4 22. Bb3 Qf5 23. Ng3 Qa5 24. Bd2 d3 25. Bg5 Kh7 26. Bf6 Rd6 27. Ng5+ Kh6 28. Bxe7 1-0

[Event "HUN-chT2 Asztalos 0203"]
[Site "Hungary"]
[Date "2003.02.02"]
[Round "6"]
[White "Szaz, Ferenc"]
[Black "Szarvas, Zoltan"]
[Result "0-1"]
[WhiteElo "2178"]
[BlackElo "2171"]
[PlyCount "80"]
[EventDate "2002.09.22"]
[EventType "team"]
[EventRounds "11"]
[EventCountry "HUN"]
[SourceTitle "EXT 2009"]
[Source "ChessBase"]
[SourceDate "2008.11.26"]
[SourceVersion "1"]
[SourceVersionDate "2008.11.26"]
[SourceQuality "1"]

1. g3 Nf6 2. Bg2 g6 3. c4 d5 4. cxd5 Nxd5 5. Nc3 Nb6 6. d3 Bg7 7. Qc2 0-0 8. h4 h6 9. h5 g5 10. f4 g4 11. e4 Nc6 12. a3 Nd4 13. Qd1 Be6 14. f5 Bb3 15. Qxg4 Nc2+ 16. Ke2 Kh7 17. f6 exf6 18. Rb1 Nd4+ 19. Kd2 Bc2 20. Nf3 Bxb1 21. Nxb1 Nc4+ 22. dxc4 Nxf3+ 23. Ke2 Qd3+ 24. Kxd3 Ne5+ 25. Ke2 Nxg4 26. Bh3 Ne5 27. Bf5+ Kg8 28. c5 Rfd8 29. Bf4 c6 30. Nd2 Bf8 31. Rc1 Nd3 32. Rc3 Nxc5 33. Nf3 Ne6 34. Be3 Ng5 35. Nh2 Kg7 36. Ng4 Bd6 37. Rb3 b6 38. Bd4 Be7 39. Ke3 Ne6 40. Bc3 Bc5+ 0-1

[Event "HUN-chT3 0102"]
[Site "Hungary"]
[Date "2002.03.03"]
[Round "8.3"]
[White "Janoshalmi, Attila"]
[Black "Szarvas, Zoltan"]
[Result "1-0"]
[WhiteElo "2183"]
[BlackElo "2165"]
[PlyCount "154"]
[EventDate "2001.09.30"]
[EventType "team"]
[EventRounds "11"]
[EventCountry "HUN"]
[SourceTitle "EXT 2004"]
[Source "ChessBase"]
[SourceDate "2003.11.25"]
[SourceVersion "1"]
[SourceVersionDate "2003.11.25"]
[SourceQuality "1"]

1. e4 e6 2. d4 d5 3. Nc3 Bb4 4. e5 c5 5. a3 Bxc3+ 6. bxc3 Ne7 7. Qg4 0-0 8. Nf3 Nd7 9. Bd3 f5 10. Qh4 Nc6 11. Bg5 Qa5 12. Bd2 Nb6 13. g4 Nc4 14. gxf5 Nxd2 15. Kxd2 c4 16. Be2 Rxf5 17. Rhg1 Qd8 18. Qh3 Bd7 19. Rg4 Qe7 20. Rag1 Raf8 21. Qg3 R8f7 22. Ng5 Rxf2 23. Nxf7 Rxf7 24. h4 Qf8 25. Rg5 Ne7 26. Bh5 g6 27. Be2 Nf5 28. Qh3 Qh6 29. h5 Be8 30. Kd1 Rg7 31. Qf3 Bf7 32. hxg6 Rxg6 33. Rxg6+ Bxg6 34. Ke1 Qh4+ 35. Qf2 Qh3 36. Kd2 Qh6+ 37. Ke1 Qh3 38. Bf3 Qh6 39. Qd2 Qh4+ 40. Kd1 Kf7 41. Bg4 a6 42. Bxf5 Bxf5 43. Kc1 Qh5 44. Kb2 Qh3 45. Qf2 Ke7 46. Rf1 Qh5 47. Qg2 Bg6 48. Qf2 Bf5 49. Rg1 Qf7 50. Qh4+ Ke8 51. Rg2 Bg6 52. Rf2 Bf5 53. Qg5 Qg6 54. Qf4 Qf7 55. Ka2 Qg6 56. Qc1 Qg3 57. Qd2 Qg7 58. Rg2 Qf7 59. Qe1 Bg6 60. Rf2 Bf5 61. Qb1 Qe7 62. Rh2 Qd7 63. Qb6 Qb5 64. Qd6 Qc6 65. Qb8+ Kd7 66. Rf2 Ke7 67. Qg8 Qe8 68. Qg5+ Kf7 69. Qh5+ Ke7 70. Rxf5 exf5 71. Qxh7+ Ke6 72. Qg7 Qh5 73. Qxb7 Qf3 74. Qxa6+ Kf7 75. Qf6+ Ke8 76. e6 Qh5 77. a4 Qh7 1-0

[Event "HUN-chT3 0102"]
[Site "Hungary"]
[Date "2002.02.10"]
[Round "7.3"]
[White "Szarvas, Zoltan"]
[Black "Varga, Zsolt"]
[Result "1-0"]
[WhiteElo "2167"]
[BlackElo "2248"]
[PlyCount "63"]
[EventDate "2001.09.30"]
[EventType "team"]
[EventRounds "11"]
[EventCountry "HUN"]
[SourceTitle "EXT 2004"]
[Source "ChessBase"]
[SourceDate "2003.11.25"]
[SourceVersion "1"]
[SourceVersionDate "2003.11.25"]
[SourceQuality "1"]

1. e4 c5 2. Nf3 d6 3. d4 cxd4 4. Nxd4 Nf6 5. Nc3 a6 6. Be2 g6 7. h4 h5 8. Bg5 Bg7 9. Qd2 Nc6 10. 0-0-0 Ng4 11. Nxc6 bxc6 12. Bc4 0-0 13. Bb3 Qc7 14. f3 Ne5 15. Qe3 a5 16. g4 a4 17. Nxa4 Rxa4 18. Bxa4 Nc4 19. Qe2 Bxb2+ 20. Kb1 Ba6 21. Rd3 Bg7 22. gxh5 Na3+ 23. Kc1 Bxd3 24. Qxd3 Rb8 25. Qxa3 Bb2+ 26. Qxb2 Rxb2 27. Kxb2 Qb6+ 28. Bb3 gxh5 29. Bxe7 c5 30. Rg1+ Kh7 31. c4 Qb4 32. Kc2 1-0

[Event "Harkany Tenkes Cup 25th"]
[Site "Harkany"]
[Date "2001.11.26"]
[Round "8"]
[White "Fasser, Walter"]
[Black "Szarvas, Zoltan"]
[Result "0-1"]
[WhiteElo "2038"]
[BlackElo "2148"]
[PlyCount "100"]
[EventDate "2001.11.19"]
[EventType "swiss"]
[EventRounds "9"]
[EventCountry "HUN"]
[SourceTitle "EXT 2004"]
[Source "ChessBase"]
[SourceDate "2003.11.25"]
[SourceVersion "1"]
[SourceVersionDate "2003.11.25"]
[SourceQuality "1"]

1. c4 Nf6 2. Nc3 d5 3. cxd5 Nxd5 4. g3 g6 5. Bg2 Nb6 6. d3 Bg7 7. Be3 0-0 8. Rc1 c6 9. Qd2 N8d7 10. Nf3 Nf6 11. Bh6 Re8 12. Bxg7 Kxg7 13. 0-0 e5 14. Ng5 Ng4 15. Rfd1 h6 16. Nge4 f5 17. Nc5 Qd4 18. N3e4 fxe4 19. e3 Qd8 20. Bxe4 Nf6 21. Bg2 Qe7 22. d4 e4 23. b4 Nbd5 24. Rc4 b6 25. Nb3 Bd7 26. a4 Qd6 27. Rdc1 Rac8 28. a5 Ne7 29. axb6 axb6 30. Qb2 Be6 31. Nd2 Bd5 32. R4c3 Ra8 33. Ra3 Qd7 34. Rca1 Rxa3 35. Rxa3 Nf5 36. Qa1 Re7 37. Bh3 Nh7 38. Ra6 Ng5 39. Bf1 b5 40. h4 Nf3+ 41. Nxf3 exf3 42. h5 gxh5 43. e4 Nxg3 44. fxg3 Qg4 45. Kh2 h4 46. Qe1 Rxe4 47. Ra7+ Kf6 48. Qf2 hxg3+ 49. Qxg3 Qxg3+ 50. Kxg3 Rxd4 0-1

[Event "Harkany Tenkes Cup 25th"]
[Site "Harkany"]
[Date "2001.11.21"]
[Round "3"]
[White "Szarvas, Zoltan"]
[Black "Dlauchy, Peter"]
[Result "1-0"]
[WhiteElo "2148"]
[BlackElo "2003"]
[PlyCount "71"]
[EventDate "2001.11.19"]
[EventType "swiss"]
[EventRounds "9"]
[EventCountry "HUN"]
[SourceTitle "EXT 2004"]
[Source "ChessBase"]
[SourceDate "2003.11.25"]
[SourceVersion "1"]
[SourceVersionDate "2003.11.25"]
[SourceQuality "1"]

1. e4 e6 2. d4 d5 3. Nd2 c5 4. Ngf3 Nc6 5. exd5 exd5 6. Be2 Qb6 7. dxc5 Bxc5 8. 0-0 Nge7 9. Nb3 Bd6 10. Be3 Qc7 11. Qd2 Bf5 12. h3 0-0 13. Nfd4 a6 14. c3 Bg6 15. a4 Ne5 16. f4 Nc4 17. Bxc4 dxc4 18. f5 Nxf5 19. Nxf5 Bxf5 20. Rxf5 cxb3 21. Bd4 f6 22. Raf1 Rae8 23. Qd1 Qc4 24. Qf3 Qc6 25. Qg4 Re4 26. Qf3 Qe8 27. Qd3 Qe6 28. c4 Rd8 29. Rd5 Re1 30. Bf2 Re5 31. Rd4 Re2 32. c5 Rxb2 33. Rxd6 Rxd6 34. cxd6 Qd7 35. Bd4 Qxd6 36. Qc4+ 1-0

[Event "HUN-ch U16"]
[Site "Balatonlelle"]
[Date "2001.??.??"]
[Round "2"]
[White "Antal, Gergely"]
[Black "Szarvas, Zoltan"]
[Result "1-0"]
[WhiteElo "2448"]
[BlackElo "2175"]
[PlyCount "118"]
[EventDate "2001.??.??"]
[EventType "swiss"]
[EventRounds "9"]
[EventCountry "HUN"]
[SourceTitle "EXT 2002"]
[Source "ChessBase"]
[SourceDate "2001.11.25"]
[SourceVersion "1"]
[SourceVersionDate "2001.11.25"]
[SourceQuality "1"]

1. e4 e6 2. d4 d5 3. Nc3 Bb4 4. Bd3 c5 5. exd5 Qxd5 6. Bd2 Bxc3 7. Bxc3 cxd4 8. Bxd4 Qxg2 9. Qd2 Qxh1 10. f3 Nc6 11. 0-0-0 Nxd4 12. Bb5+ Bd7 13. Bxd7+ Kxd7 14. Qxd4+ Ke7 15. Qb4+ Kf6 16. Qf4+ Ke7 17. Nh3 Qxd1+ 18. Kxd1 Rd8+ 19. Ke1 Rd6 20. Qb4 b6 21. Ng5 Nh6 22. Ne4 Rhd8 23. Qa3 a5 24. Nxd6 Rxd6 25. c4 Kd7 26. c5 bxc5 27. Qxa5 Rc6 28. Qd2+ Kc8 29. Qc3 Nf5 30. b4 c4 31. b5 Rc7 32. b6 Rc5 33. Qa3 Re5+ 34. Kf2 Nd4 35. Qa8+ Kd7 36. b7 Nc6 37. Qc8+ Kd6 38. b8Q+ Nxb8 39. Qxb8+ Kd5 40. Qb7+ Kd4 41. Qb6+ Kd3 42. Qb1+ Kd4 43. a4 c3 44. a5 Kc4 45. Qa2+ Kd3 46. a6 c2 47. Qa3+ Kd2 48. a7 c1Q 49. Qxc1+ Kxc1 50. a8Q Rf5 51. Qa1+ Kd2 52. Qxg7 h5 53. Qd4+ Kc2 54. Ke2 Kb3 55. Ke3 Ka3 56. Qb6 Ka4 57. Qb7 Ka5 58. Ke4 Ka4 59. h4 Ka5 1-0

[Event "HUN-ch U16"]
[Site "Balatonlelle"]
[Date "2001.??.??"]
[Round "4"]
[White "Magyar, Andras"]
[Black "Szarvas, Zoltan"]
[Result "0-1"]
[WhiteElo "2028"]
[BlackElo "2175"]
[PlyCount "80"]
[EventDate "2001.??.??"]
[EventType "swiss"]
[EventRounds "9"]
[EventCountry "HUN"]
[SourceTitle "EXT 2002"]
[Source "ChessBase"]
[SourceDate "2001.11.25"]
[SourceVersion "1"]
[SourceVersionDate "2001.11.25"]
[SourceQuality "1"]

1. e4 e6 2. d4 d5 3. Nd2 Nf6 4. e5 Nfd7 5. f4 c5 6. c3 Nc6 7. Ndf3 cxd4 8. cxd4 Qb6 9. g3 Bb4+ 10. Kf2 g5 11. fxg5 Ndxe5 12. Nxe5 Nxe5 13. Kg2 Nc6 14. Nf3 Bd7 15. Be2 Bf8 16. b3 Bg7 17. Bb2 0-0-0 18. Rc1 Kb8 19. Qd2 Ka8 20. Qf4 f6 21. gxf6 Rhf8 22. f7 Qb4 23. Rhf1 Ne7 24. Ne5 Nf5 25. g4 Bh6 26. g5 Bg7 27. Rc5 Bxe5 28. Qxe5 Rxf7 29. Bc3 Qa3 30. Qc7 Rdf8 31. Ra5 Qe7 32. Qb6 Ne3+ 33. Kh3 e5+ 34. Kh4 Rf4+ 35. Rxf4 Rxf4+ 36. Kh5 Qf7+ 37. g6 hxg6+ 38. Qxg6 Qe7 39. Qg8+ Be8+ 40. Kh6 Rh4+ 0-1

[Event "HUN-ch U16"]
[Site "Balatonlelle"]
[Date "2001.??.??"]
[Round "9"]
[White "Svebis, Mark"]
[Black "Szarvas, Zoltan"]
[Result "1-0"]
[WhiteElo "2130"]
[BlackElo "2175"]
[PlyCount "107"]
[EventDate "2001.??.??"]
[EventType "swiss"]
[EventRounds "9"]
[EventCountry "HUN"]
[SourceTitle "EXT 2002"]
[Source "ChessBase"]
[SourceDate "2001.11.25"]
[SourceVersion "1"]
[SourceVersionDate "2001.11.25"]
[SourceQuality "1"]

1. c4 Nf6 2. g3 g6 3. Bg2 d5 4. cxd5 Nxd5 5. Nc3 Nb6 6. d3 Bg7 7. Be3 0-0 8. Qd2 Nc6 9. Bxc6 bxc6 10. Rc1 Nd5 11. Bh6 Rb8 12. b3 Bxh6 13. Qxh6 Nxc3 14. Rxc3 Rb5 15. Nf3 Rh5 16. Qe3 Bh3 17. Rg1 Be6 18. Nd4 Bd5 19. Nxc6 Bxc6 20. Rxc6 Qd7 21. Rc2 c6 22. h4 a5 23. Rc5 Rd5 24. Kd2 Qd6 25. Rgc1 Ra8 26. Rxc6 Qb4+ 27. Kd1 a4 28. Rc8+ Rd8 29. Rxd8+ Rxd8 30. Rc4 Qb7 31. Rxa4 Qh1+ 32. Kd2 Rc8 33. Rc4 Ra8 34. a4 Qb1 35. Qb6 Qa2+ 36. Rc2 Qa3 37. Qb7 Rd8 38. Rc8 Qb2+ 39. Ke3 Qe5+ 40. Kd2 Qb2+ 41. Rc2 Qa3 42. Qc7 Ra8 43. Qc3 Rb8 44. Qb2 Qb4+ 45. Rc3 h5 46. Kd1 e5 47. Rc4 Qb6 48. Ke1 Qd6 49. b4 Qd5 50. Rc5 Qh1+ 51. Kd2 e4 52. Qe5 Rd8 53. Qe7 Rf8 54. Qxe4 1-0

[Event "EU-chT U18 1st"]
[Site "Balatonlelle"]
[Date "2000.07.15"]
[Round "7"]
[White "Szarvas, Zoltan"]
[Black "Sebe Vodislav, Razvan Alex"]
[Result "0-1"]
[WhiteElo "2200"]
[BlackElo "2303"]
[PlyCount "88"]
[EventDate "2000.07.09"]
[EventType "team-swiss"]
[EventRounds "7"]
[EventCountry "HUN"]
[SourceTitle "EXT 2020"]
[Source "ChessBase"]
[SourceDate "2019.10.17"]
[SourceVersion "1"]
[SourceVersionDate "2019.10.17"]
[SourceQuality "1"]
[WhiteTeam "Hungary U18 II"]
[BlackTeam "Romania U18"]
[WhiteTeamCountry "HUN"]
[BlackTeamCountry "ROU"]

1. e4 c5 2. Nf3 d6 3. c3 Nf6 4. Be2 Bd7 5. d3 Bc6 6. 0-0 Nbd7 7. Re1 g6 8. Nbd2 Bg7 9. Bf1 Ne5 10. Nxe5 dxe5 11. Nf3 Qc7 12. b4 cxb4 13. cxb4 0-0 14. Bb2 Ne8 15. Qb3 Rd8 16. Rac1 Qd6 17. b5 Bd7 18. Ba3 Qf6 19. d4 Be6 20. dxe5 Qf4 21. Bc4 Bxc4 22. Qxc4 Rd7 23. Qc8 Rd3 24. Bxe7 Rxf3 25. gxf3 Bxe5 26. Qh3 Nc7 27. Qg3 Re8 28. Qh4 Rxe7 29. Qxe7 Ne6 30. Rc8+ Kg7 31. Rd1 Qxf3 32. Rd7 Bxh2+ 33. Kf1 Qh1+ 34. Ke2 Qxe4+ 35. Kd1 Qf5 36. Qe8 Bf4 37. Qg8+ Kh6 38. Qxf7 Qg4+ 39. Ke1 Ng5 40. Qf8+ Kh5 41. Qe8 Nf3+ 42. Kf1 Nh2+ 43. Ke1 Qg1+ 44. Ke2 Qf1# 0-1

[Event "EU-chT U18 1st"]
[Site "Balatonlelle"]
[Date "2000.07.13"]
[Round "5"]
[White "Szarvas, Zoltan"]
[Black "Buss, Ralph"]
[Result "1/2-1/2"]
[WhiteElo "2200"]
[BlackElo "2183"]
[PlyCount "132"]
[EventDate "2000.07.09"]
[EventType "team-swiss"]
[EventRounds "7"]
[EventCountry "HUN"]
[SourceTitle "EXT 2020"]
[Source "ChessBase"]
[SourceDate "2019.10.17"]
[SourceVersion "1"]
[SourceVersionDate "2019.10.17"]
[SourceQuality "1"]
[WhiteTeam "Hungary U18 II"]
[BlackTeam "Switzerland U18"]
[WhiteTeamCountry "HUN"]
[BlackTeamCountry "SUI"]

1. e4 d5 2. exd5 Qxd5 3. Nc3 Qa5 4. d4 c6 5. Nf3 Bf5 6. Bc4 e6 7. 0-0 Nf6 8. Re1 Nbd7 9. Bd2 Qb6 10. Bb3 Be7 11. h3 h6 12. Be3 Qc7 13. Qd2 g5 14. Ne5 Nxe5 15. dxe5 Nd7 16. f4 gxf4 17. Bxf4 0-0-0 18. Qe2 Rdg8 19. Qf3 Bg5 20. Bh2 Rg7 21. Ne4 Bxe4 22. Rxe4 Rhg8 23. Rae1 Nc5 24. Rg4 h5 25. Rg3 Nd7 26. Qxh5 Qb6+ 27. Kh1 Qd4 28. c3 Qf2 29. Qe2 Qc5 30. Rg4 Bd8 31. Rxg7 Rxg7 32. Qe3 Qxe3 33. Rxe3 Bc7 34. g4 Kd8 35. Kg2 Rh7 36. Bc2 Rh8 37. Bg3 Ke8 38. h4 Kf8 39. g5 Nb6 40. Re2 Kg7 41. Kf3 Rd8 42. Bf4 Rd5 43. Ke4 Nd7 44. c4 Nc5+ 45. Ke3 Rd8 46. b4 Nd7 47. Rd2 c5 48. b5 Nb6 49. Rxd8 Bxd8 50. Bd3 Nd7 51. h5 Bc7 52. Ke4 b6 53. Be2 Nf8 54. Bg3 Nd7 55. Bg4 Nf8 56. Be1 Bd8 57. Kf4 Bc7 58. Bf3 Bd8 59. Bc6 Bc7 60. Be8 Bd8 61. Bh4 Bc7 62. Bg3 Bd8 63. Kg4 Bc7 64. Bf4 Bd8 65. Bc6 Be7 66. h6+ Kg8 1/2-1/2

[Event "HUN-ch U14"]
[Site "Paks"]
[Date "2000.04.20"]
[Round "7"]
[White "Szarvas, Zoltan"]
[Black "Erdos, Viktor"]
[Result "1/2-1/2"]
[WhiteElo "2136"]
[BlackElo "2145"]
[PlyCount "84"]
[EventDate "2000.04.14"]
[EventType "tourn"]
[EventRounds "9"]
[EventCountry "HUN"]
[SourceTitle "EXT 2004"]
[Source "ChessBase"]
[SourceDate "2003.11.25"]
[SourceVersion "1"]
[SourceVersionDate "2003.11.25"]
[SourceQuality "1"]

1. e4 e6 2. d4 d5 3. Nd2 Be7 4. Ngf3 Nf6 5. e5 Nfd7 6. c3 c5 7. b3 Nc6 8. Bb2 cxd4 9. cxd4 f6 10. exf6 Bxf6 11. Be2 0-0 12. Nf1 Nc5 13. Ng3 Qa5+ 14. Qd2 Qxd2+ 15. Kxd2 Rd8 16. Rac1 Ne4+ 17. Ke3 Nd6 18. Bd3 Bd7 19. h4 a5 20. a3 a4 21. b4 Na7 22. Nd2 Bb5 23. Ne2 Bxd3 24. Kxd3 Nab5 25. g3 Kf7 26. Rhe1 Rac8 27. Nf4 Rxc1 28. Rxc1 Rc8 29. Rc5 Ke7 30. Ng2 Kd7 31. g4 g6 32. f4 Rf8 33. Nf3 b6 34. Rc2 Nc4 35. Bc1 Rc8 36. Ne3 Nbd6 37. g5 Bg7 38. Ng4 b5 39. Nfe5+ Bxe5 40. fxe5 Nf5 41. Nf6+ Ke7 42. h5 Kf7 1/2-1/2